Audio and video engineering systems: Principles and trouble shooting (Record no. 42644)

MARC details
000 -LEADER
fixed length control field 00318nam a2200109Ia 4500
082 ## - DEWEY DECIMAL CLASSIFICATION NUMBER
Classification number 621.382
Item number GUP
100 ## - MAIN ENTRY--AUTHOR NAME
Personal name Gupta, R G
245 #0 - TITLE STATEMENT
Title Audio and video engineering systems: Principles and trouble shooting
260 ## - PUBLICATION, DISTRIBUTION, ETC. (IMPRINT)
Place of publication New DElhi
Name of publisher Tata McGraw-Hill
Year of publication 2006
942 ## - ADDED ENTRY ELEMENTS (KOHA)
Koha item type Books
Holdings
Withdrawn status Lost status Damaged status Not for loan Home library Current library Date acquired Cost, normal purchase price Full call number Accession Number Koha item type
        RRII Library RRII Library 16/12/2021 150.00 621.382 GUP 22913 Books